00592nam a2200181 a 450000100100000000500170001000800410002702000150006804000250008324500650010825000120017326000330018530000240021850000260024250500200026895201050028899900170039300004075020201002034343.0130905s20uu cu 000 0 spa d a8495019086 aDO-SdBNPbspacBNPHU00aCatálogo Unificado Especializado de Sellos de Cuba 2012 /. a3a. ed. aBarcelona :bEifil,c[201?]. av. :bil. ;c26 cm. aLa biblioteca el v. 10 gv. 1t1855-1958 001050718MOaGRbGRcCTd2013-09-05iLF1l0o p40750-10r2020-06-25w2020-06-25y1ZNo se presta c40240d40240